A Short Guide to Writing about Biology (Record no. 14040)
[ view plain ]
| 000 -LEADER | |
|---|---|
| fixed length control field | 00291nam a22001217a 4500 |
| 020 ## - INTERNATIONAL STANDARD BOOK NUMBER | |
| ISBN | 9781292120836 |
| 082 ## - DEWEY DECIMAL CLASSIFICATION NUMBER | |
| Classification number | 808.06657 |
| 100 ## - MAIN ENTRY--AUTHOR NAME | |
| Personal name | Jan A. Pechenik |
| 245 ## - TITLE STATEMENT | |
| Title | A Short Guide to Writing about Biology |
| 250 ## - EDITION STATEMENT | |
| Edition statement | 9th, Global Edition |
| 260 ## - PUBLICATION, DISTRIBUTION, ETC. (IMPRINT) | |
| Place of publication | Boston |
| Name of publisher | Pearson |
| Year of publication | 2016 |
| 942 ## - ADDED ENTRY ELEMENTS (KOHA) | |
| Koha item type | Books |
| Withdrawn status | Lost status | Collection code | Permanent Location | Current Location | Shelving location | Date acquired | Full call number | Accession Number | Koha item type |
|---|---|---|---|---|---|---|---|---|---|
| | | Bio Sciences | MAJU | MAJU | Shelf No.A36 | 2025-09-03 | 808.06657 | 11116 | Books |